000
00316nam a22001337a 4500
020
_a
81-204-1533-7
041
_a
ENG
100
_a
Grover.V.I
245
_a
Recovering Energy From Waste Various Aspects
260
_a
New Delhi
_b
Oxford & IBH Pub
_c
2002
300
_a
338
650
_a
EOES
856
_u
EOES ( 39 )
999
_c
1302
_d
1302